00395 a2200145 450000500170000001000130001702000260003003500130005603700090006908200080007824500610008626000450014727000360019230000210022820240528150130.0 aB-759220 a9788119099870c125.00 aB-759220 bGift a920 aFamous Illustrated Tales of Indian Sportspersons Women/ aNoidabMaple Press Private Limitedc2024 aA-62 Sector-58 bNoidae201301 a72 p.c22 cm(Pb)